Guatemala : 2009 Article IV Consultation and Second Review Under the Stand-By Arrangement, and Requests for Modification of Performance Criterion and Consultation Clause-Staff Report; Staff Statement; Public Information Notice and Press Release on the Executive Board Discussion; and Statement by the Executive Director for Guatemala.

The staff report on Guatemala's 2009 Article IV Consultation and Second Review under the Stand-By Arrangement, and Requests for Modification of Performance Criterion and Consultation Clause are presented. There are signs that the Guatemalan economy is starting to recover. Real GDP growth and in...

詳細記述

書誌詳細
団体著者: International Monetary Fund
フォーマット: 雑誌
言語:English
出版事項: Washington, D.C. : International Monetary Fund, 2010.
シリーズ:IMF Staff Country Reports; Country Report ; No. 2010/036
オンライン・アクセス:Full text available on IMF
LEADER 01931cas a2200241 a 4500
001 AALejournalIMF006282
008 230101c9999 xx r poo 0 0eng d
020 |c 5.00 USD 
020 |z 9781451816693 
022 |a 1934-7685 
040 |a BD-DhAAL  |c BD-DhAAL 
110 2 |a International Monetary Fund. 
245 1 0 |a Guatemala :   |b 2009 Article IV Consultation and Second Review Under the Stand-By Arrangement, and Requests for Modification of Performance Criterion and Consultation Clause-Staff Report; Staff Statement; Public Information Notice and Press Release on the Executive Board Discussion; and Statement by the Executive Director for Guatemala. 
264 1 |a Washington, D.C. :  |b International Monetary Fund,  |c 2010. 
300 |a 1 online resource (59 pages) 
490 1 |a IMF Staff Country Reports 
500 |a <strong>Off-Campus Access:</strong> No User ID or Password Required 
500 |a <strong>On-Campus Access:</strong> No User ID or Password Required 
506 |a Electronic access restricted to authorized BRAC University faculty, staff and students 
520 3 |a The staff report on Guatemala's 2009 Article IV Consultation and Second Review under the Stand-By Arrangement, and Requests for Modification of Performance Criterion and Consultation Clause are presented. There are signs that the Guatemalan economy is starting to recover. Real GDP growth and inflation are picking up, imports have begun to grow, and net private capital flows have stabilized. Real GDP growth is likely to remain low and inflation subdued. Over the medium term, economic growth is expected to be weaker than prior to the global crisis, and inflation to stabilize at trading partners' levels. 
538 |a Mode of access: Internet 
830 0 |a IMF Staff Country Reports; Country Report ;  |v No. 2010/036 
856 4 0 |z Full text available on IMF  |u http://elibrary.imf.org/view/journals/002/2010/036/002.2010.issue-036-en.xml  |z IMF e-Library